Broučci /
Půvabné příběhy ze života svatojánských broučků, které patří již po generace mezi klasiku literatury pro děti.
Uloženo v:
| Hlavní autor: | |
|---|---|
| Další autoři: | |
| Médium: | E-kniha |
| Jazyk: | Czech |
| Vydáno: |
V Praze :
Albatros,
2021
|
| Témata: | |
| Tagy: |
Žádné tagy |
| LEADER | 02091nam a2200445 i 4500 | ||
|---|---|---|---|
| 001 | 311394 | ||
| 003 | CZ PrSKC | ||
| 005 | 20260601215704.0 | ||
| 007 | ta | ||
| 008 | 210921s2021 xr a b 000 j cze | ||
| 015 | |a cnb003353613 | ||
| 020 | |a 9788000063362 |q (vázáno) : |c Kč 349,00 | ||
| 035 | |a (OCoLC)1288051746 | ||
| 035 | |a (OCoLC)1291386293 | ||
| 040 | |a ABG001 |b cze |e rda | ||
| 072 | 7 | |a 821.162.3-3 |x Česká próza |2 Konspekt | |
| 072 | 7 | |a 821-93 |x Literatura pro děti a mládež (beletrie) |2 Konspekt | |
| 080 | |a 821.162.3-34 |2 MRF | ||
| 080 | |a 821-93 |2 MRF | ||
| 080 | |a (0:82-34) |2 MRF | ||
| 100 | 1 | |a Karafiát, Jan, |d 1846-1929 |7 jk01052941 |4 aut | |
| 245 | 1 | 0 | |a Broučci / |c Jan Karafiát ; ilustrovala Tereza Ščerbová |
| 264 | 1 | |a V Praze : |b Albatros, |c 2021 | |
| 300 | |a 191 stran : |b barevné ilustrace ; |c 22 cm | ||
| 336 | |a text |b txt |2 rdacontent | ||
| 337 | |a bez média |b n |2 rdamedia | ||
| 338 | |a svazek |b nc |2 rdacarrier | ||
| 520 | 2 | |a Půvabné příběhy ze života svatojánských broučků, které patří již po generace mezi klasiku literatury pro děti. |b Pohádky o broučcích a dalších zástupcích světa hmyzu, kteří mají, stejně jako lidé, kladné i záporné vlastnosti. Celý příběh je prodchnut pevnou vírou v Boha. | |
| 521 | 8 | |a Pro čtenáře od 5 let | |
| 655 | 7 | |a české pohádky |7 fd133970 |2 czenas | |
| 655 | 7 | |a publikace pro děti |7 fd133156 |2 czenas | |
| 655 | 9 | |a Czech fairy tales |2 eczenas | |
| 655 | 9 | |a children's literature |2 eczenas | |
| 700 | 1 | |a Ščerbová, Tereza, |d 1982- |7 jo2015854407 |4 ill | |
| 900 | |a ABA001 |b 19 | ||
| 928 | 9 | |a Albatros Media - Albatros | |
| 044 | |a xr | ||
| 910 | |a RBIT002 | ||
| 998 | |d 334290 |a https://core.palmknihy.cz/api/books/334290/cover?si7rtz |b https://core.palmknihy.cz/api/books/334290/cover/400?si7rtz |c https://core.palmknihy.cz/api/books/334290/cover/50?si7rtz |e 2050-12-31 |g 200 |i 9788000063362 |j https://core.palmknihy.cz/api/books/334290/preview.epub |k https://core.palmknihy.cz/api/books/334290/preview.pdf |l |q 49 |r 1 |s https://www.palmknihy.cz/kniha/334290 |t ebook |y 2021 |z 0 | ||
| 999 | |d 311392 | ||